Bible Trivia - Statistics

General Stats
  • This quiz has been taken 2,033 times
  • The average score is 9 of 10
Answer Stats
Hint Answer % Correct
What is the first book of the Bible? Genesis
99%
Who was Jesus's mother? Mary
97%
Who was Jesus earthly father? Joseph
94%
What is the last book of the Bible? Revelation
94%
What man was swallowed by a big fish/whale? Jonah
92%
Where was Jesus born? Bethlehem
91%
According to the Bible, the true Sabbath is on what day? Saturday, the Seventh Day
91%
Who baptized Jesus? John the Baptist
90%
What is the first book of the New Testament? Matthew
89%
What is the last book of the Old Tesatment? Malachi
61%
No matching quizzes found
Score Distribution
Percent of People with Each Score
Percentile by Number Answered
Your Score History
You have not taken this quiz